00780cam a2200241 a 450000100060000000300080000600500170001400800410003102000150007203500190008703500120010604000180011804100080013608200240014410000340016824501000020226000670030230000280036950000590039765000120045670000380046870000320050677092BD-RjUL20211209082926.0890203q19411984nyuce b 00010 eng d a0820100250 a(BD-RjUL)77316 a1191095 aANLcANLbeng aeng 217a813.3bPOE 19411 aPoe, Edgar Allan,d1809-1849.10aEdger Allan Poe : seven stories adapted from the original of Edger Allan Poe /cEdger Allan Poe aWashington , D.C.:bEnglish language cultural divition ,c1941 a89 p. : bill. ;c27 cm aMicroform reproduction of the original published 1941. afiction1 aQuinn, Arthur Hobson,d1875-1960.1 aHart, Richard Harry,d1908-